000 00548nam a22001937a 4500
003 OSt
005 20170320191626.0
008 170320b xxu||||| |||| 00| 0 eng d
020 _a0521597269
040 _cDDC.
082 _a530.4ELE 2002.
100 _aDressel,Martin;
_911863
245 _aElectrodynamics of solids:Optiacal Properties of electrons in matter.
260 _aCambridge:
_bCambridge University Press.
_c2002.
300 _axii,474p;
_bill:
_c26cm.
504 _aincludes index.
650 _aphysics.
_9809
942 _2ddc
_cO_SHELF
999 _c5697
_d5697